000 00555nam a22001937a 4500
999 _c34812
_d34812
003 OSt
005 20240404151141.0
008 131029b2022 mex spa
020 _a978-607-15-1755-5
040 _cBMC
082 _a658.152
100 1 _96165
_aBaca Urbina, Gabriel
245 1 0 _aEvaluación de proyectos
_cGabriel Baca Urbina
250 _a9ª ed
260 _aMéxico, D.F. [etc.]
_bMcGraw-Hill
_ccop. 2022
300 _aXIV, 448 p.
_bil., gráf.
_c27 cm
650 2 4 _96014
_aEvaluación de proyectos
942 _2ddc
_cBK
_hprozim